000 00299nam a22001337a 4500
020 _a978-93-5282-316-1
082 _a825
_bVAL/G
100 _aVALLIKUNNAM,RAJU
245 _aGREATEST SPEECHES OF THE WORLD
260 _aKOTTAYAM
_bDC BOOKS
300 _a319
650 _aSPEECH
_zKERALA
942 _cBK
999 _c3653
_d3653